La Réponse est… trouvez ce qui relie tout ! #3 - Statistiques

Statistiques générales
  • Ce quiz a été pris 112 fois
    38 depuis la dernière actualisation
  • Le résultat moyen est 22 sur 35
Statistiques - réponses
Indice Réponse % Correct
Être comme un ___en pâte : être très choyé Coq
97%
Autocollant de jeune conducteur A
93%
Groupe de La Réponse est un {Animal}
93%
Œuf à la ___ : cuit deux minutes dans l'eau bouillante Coque
93%
Groupe sanguin du donneur universel O
93%
Tous les chemins y mènent, dit le proverbe Rome
93%
Bonnet d'___ : coiffe du mauvais élève Ane
90%
Etre le ___ de la farce : celui qui est dupé Dindon
90%
Route gérée par l'État N
90%
Prendre le ___ par les cornes : affronter un problème Taureau
90%
Arme qui propulse des flèches Arc
86%
Taille entre M et XL L
86%
Engin utilisé pour enfoncer les portes Bélier
79%
Ustensile pour donner une forme à une préparation Moule
79%
Doux comme un ___ : très docile et inoffensif Agneau
76%
Groupe de La Réponse est une {Lettre}
76%
Faire une ___ dessus : y renoncer définitivement Croix
76%
Groupe de La Réponse est une{Ville}
72%
Chaîne d'hôtels économiques Ibis
69%
Gentil, agréable en anglais Nice
59%
___ vicieux : enchaînement sans issue Cercle
52%
En ___ : drapeau à mi-mât en signe de deuil Berne
48%
Muscle du haut du dos Trapèze
48%
Groupe de La Réponse est un {Oiseau}
41%
Part du ___ : la plus grosse part que l'on s'attribue Lion
41%
Gai comme un ___ : d'humeur très joyeuse Pinson
41%
Groupe de La Réponse est un {Coquillage ou crustacé}
38%
Huile d'olive ___ : première pression à froid Vierge
38%
Jaune ___ : jaune vif et lumineux Canari
34%
Groupe de La Réponse est un {Signe du Zodiaque}
31%
Super, bien en argot Chouette
28%
Groupe de La Réponse est une {Figure Géométrique}
21%
Rouge ___ : très rouge, après un coup de soleil Homard
21%
Personne petite et frêle Crevette
17%
Rapace diurne au vol plané Milan
10%
Aucun quiz correspondant
Distribution des résultats
% des personnes avec chaque résultat
Percentile par nombre de réponses
Votre historique - résultats
Vous n’avez pas pris ce quiz depuis la dernière actualisation